Corrientes didácticas contemporáneas
Enregistré dans:
| Auteurs principaux: | , , , , |
|---|---|
| Autres auteurs: | |
| Format: | Livre |
| Langue: | espagnol |
| Publié: |
Buenos Aires
Paidós
2004
|
| Édition: | 1a. ed |
| Collection: | Biblioteca de Cuestiones de Educación, 13
|
| Sujets: | |
| Tags: |
Ajouter un tag
Pas de tags, Soyez le premier à ajouter un tag!
|
MARC
| LEADER | 00000nam a2200000 a 4500 | ||
|---|---|---|---|
| 001 | UCK5828 | ||
| 003 | CL-VaPUC | ||
| 008 | 050826e20040000AG |||||||||||||||||spa|d | ||
| 020 | |a 9501261131 | ||
| 082 | 0 | 4 | |a 370.1 |b CAM |2 21 |
| 100 | 0 | |a Camilloni, Alicia W. de |e author |9 494796 | |
| 700 | 0 | |a Davini, María Cristina |e author |9 494797 | |
| 700 | 0 | |a Edelstein, Gloria |e author |9 494798 | |
| 700 | |a Litwin, Edith |e autora |9 602145 | ||
| 700 | 0 | |a Souto, Marta |e author |9 494800 | |
| 700 | 0 | |a Barco, Susana |e author |9 494801 | |
| 245 | 1 | 0 | |a Corrientes didácticas contemporáneas |
| 250 | |a 1a. ed | ||
| 300 | |a 167 p | ||
| 942 | |c BK | ||
| 945 | |d 20050826 00:00:00 |a cmena | ||
| 260 | |a Buenos Aires |b Paidós |c 2004 | ||
| 650 | 0 | |a Filosofía de la educación |9 258384 | |
| 650 | 0 | |a Métodos de enseñanza |9 270413 | |
| 650 | 0 | |a Investigación educacional |9 261192 | |
| 583 | |a last modification |c 20050826 00:00:00 |k Rodrigo Vera | ||
| 490 | 0 | |a Biblioteca de Cuestiones de Educación, 13 | |
| 999 | |c 314280 |d 314278 | ||
| 952 | |0 0 |1 0 |4 0 |6 370_100000000000000_CAM_2004 |7 0 |8 A |9 386339 |a BIBEDU |b BIBEDU |d 2019-11-22 |i 4159950 |o 370.1 CAM 2004 |p 4159950 |r 2019-11-22 |w 2019-11-22 |y BK |k EBA | ||